| 000 | 01184cam a22003497a 4500 | ||
|---|---|---|---|
| 003 | CHAP | ||
| 005 | 20220817042921.0 | ||
| 008 | 971013s1995 r 00010 d | ||
| 010 | _a59823 | ||
| 011 | _a60795 | ||
| 035 | _a64958 | ||
| 040 | _cCHAP | ||
| 090 | _aFolleto 14640 | ||
| 100 | 0 | 0 |
_aAréchiga Urtuzuástegui, Hugo. _97304 |
| 245 | 1 | 3 | _aLa investigación científica y tecnológica |
| 260 |
_aMéxico, D.F. : _bAsociación Nacional de Universidades e Instituciones de Educación Superior, _c1995 |
||
| 300 | _a93 p. | ||
| 490 | 0 |
_aTemas de hoy en la educación superior _v; 2 |
|
| 590 |
_aBATCH-UPD _b10 _c20130110 _lUCH01 _h1209 |
||
| 590 |
_aBATCH-UPD _b10 _c20130410 _lUCH01 _h0748 |
||
| 590 |
_aBATCH-UPD _b10 _c20130914 _lUCH01 _h0933 |
||
| 590 |
_aCONVERSION _b10 _c20130109 _lUCH01 _h1332 |
||
| 650 | 1 | 4 |
_aCiencia. _923107 |
| 650 | 1 | 4 | _aEducación superior. |
| 650 | 1 | 4 |
_aEducación superior _xInvestigación. _935643 |
| 650 | 1 | 4 |
_aInvestigación _xMéxico. _960240 |
| 650 | 1 | 4 |
_aTecnología. _9111937 |
| 830 | 0 |
_aTemas de hoy en la educación superior _v; 2 _9112147 |
|
| 901 | _aBK | ||
| 942 | _cFOLL | ||
| 949 |
_aFolleto 14640 _bBC _cFOLL _d-143511 _eTS1 _i64958 _si |
||
| 999 |
_c59823 _d59823 |
||